| 000 | 00811nam a22002537a 4500 | ||
|---|---|---|---|
| 005 | 20170124110028.0 | ||
| 010 | _aA-604899 | ||
| 020 |
_c00.00 _a8170030846 |
||
| 035 | _aA-604899 | ||
| 037 | _bCen Lib/Ret | ||
| 040 |
_aDPL _bEN |
||
| 082 |
_a543 _bSIN |
||
| 100 |
_aSindhu, R.S. _921088 |
||
| 245 |
_aAnalytical aspectes of hydroxypyridines / _cby R.S. Sindhu, S.P. Mathur [and] M. Satake |
||
| 260 |
_aNew Delhi _bSouth Asian Publication _c1987 |
||
| 270 |
_a36, Netaji Subhash Marg, Daryaganj _bNew Delhi _e110002 |
||
| 300 |
_a96p. : _c22cm(Hb) _bill. |
||
| 500 | _aIncludes bibliographical references and index. | ||
| 650 |
_aHydroxypyridines _921089 |
||
| 650 |
_aScience _910795 |
||
| 700 |
_aMathur, S.P. _921086 |
||
| 700 |
_aSatake, M. _921087 |
||
| 942 |
_2ddc _cEN _h543 _mSIN |
||
| 999 |
_c127639 _d127639 |
||